000 00607cam a22002171 4500
001 he 67000323
003 DLC
005 20260227111444.0
008 840613s1966 is 000 0 heb
010 _ahe 67000323
035 _a(OCoLC)19143405
040 _aDLC
_cMH
_dDLC
042 _apremarc
050 0 0 _aPJ5054.M36
_bS5
100 1 _aMelin, Pesaḥ.
245 1 0 _aShuv ha-or ha-zeh. :
_bshirim.
260 _a[Tel Aviv] :
_bMaʻagal ʻal yad hotsaʼat Maḥbarot le-sifrut,
_c[1966]
300 _a80 p. ;
_c21 cm.
500 _aAdded t.p.: Again this light; poems.
752 _aIsrael
_dTel Aviv
999 _c32154
_d32154